| 000 | 01047nam a2200277 a 4500 | ||
|---|---|---|---|
| 001 | 114445 | ||
| 003 | DR-UNIBE | ||
| 005 | 20260402062604.0 | ||
| 008 | 961203s1995 sp b 000 0 spa | ||
| 020 |
_a8481640719 _qTrotta |
||
| 020 |
_a8445111094 _qComunidad de Madrid |
||
| 020 |
_a9788481640717 _q(Trotta) |
||
| 020 |
_a9788445111093 _q(Comunidad de Madrid) |
||
| 040 |
_aDLC _cDLC _erda |
||
| 082 | 0 | 0 | _a342 Z18d |
| 100 |
_aZagrebelsky, Gustavo, _d1943- _eautor _922993 |
||
| 245 | 1 | 3 |
_a El derecho dúctil : _bley, derechos, justicia / _cGustavo Zagrebelsky ; traducción de Marina Gascón ; epílogo de Gregorio Peces-Barba. |
| 260 |
_aMadrid : _bEditorial Trotta : _bComunidad de Madrid, Consejería de Educación y Cultura, _cc1995. |
||
| 300 | _a156 páginas | ||
| 490 | _aColección estructuras y procesos. Serie derecho | ||
| 504 | _aIncludes bibliographical references. | ||
| 650 | 0 |
_aDerecho constitucional _9203200 _2lemb |
|
| 650 | 0 |
_aDerechos civiles _9203201 _2lemb |
|
| 650 | 0 |
_aJusticia _9203202 _2lemb |
|
| 942 |
_2ddc _cBK |
||
| 999 |
_c114445 _d114445 |
||